000 00736nam a2200289Ia 4500
005 20260324133711.0
008 008 260324s9999 xx 000 0 eng d
020 _a9780429223556
037 _aEBOOK
040 _aCRL
040 _beng
040 _cCRL
041 _2eng
041 _aeng
084 _qCRL
100 _aAnurag Rathore; Andras Guttman
_91194059
245 0 _aElectrokinetic Phenomena
245 0 _bPrinciples and Applications in Analytical Chemistry and Microchip Technology
260 _bTaylor and Francis
260 _c2003
365 _a
365 _b560
856 _uhttp://www.taylorfrancis.com/books/9780429223556
942 _cEBOOK
999 _c1793391
_d1793391